| 000 | 01066nam0a22002651 4500 | ||
|---|---|---|---|
| 001 | v19\rc\1437751 | ||
| 005 | 20060620102017.1 | ||
| 035 | _a(NLR Aleph) 004581892 | ||
| 090 |
_a2540661 _c2540661 |
||
| 100 | _a20060620d1875 |||y0rusy50 ca | ||
| 101 | 0 | _arus | |
| 102 | _aRU | ||
| 105 | _ay j ||||| | ||
| 200 | 1 | _aПравославные молитвы, с объяснениями, изложенные применительно к программам учебных заведений протоиереем Иоанном Покровским законоучителем Николаевского инженерного училища | |
| 205 | _a2-е изд., испр. и доп. | ||
| 210 |
_aСанкт-Петербург _cФилиппов _d1875 |
||
| 215 |
_a[2], 56 с. _d17 |
||
| 700 | 1 |
_aПокровский _bИ. Г. _f1834-1902 _gИоанн Гаврилович |
|
| 801 | 0 |
_aRU _bNLR _gpsbo |
|
| 801 | 0 |
_aRU _bRuMoRGB _2psbo |
|
| 801 | 1 |
_aRU _bProSoft-M _2rusmarc |
|
| 852 |
_aNLR _j18.108.7.253 |
||
| 899 | _aБАН | ||
| 942 | _cBOOK | ||
| 980 | _aNB | ||